[Event "Ottawa EOCA op"]
[Site "Ottawa"]
[Date "2023.03.03"]
[Round "1"]
[White "Hughes, Henry"]
[Black "Voloaca, Mihnea"]
[Result "0-1"]
[WhiteElo "1978"]
[BlackElo "2321"]
[PlyCount "104"]
[EventDate "2023.03.03"]
[EventType "swiss"]
[EventRounds "5"]
[EventCountry "CAN"]
[SourceTitle "CBM 213 Extra"]
[Source "ChessBase"]
[SourceDate "2023.05.31"]
[SourceVersion "1"]
[SourceVersionDate "2023.05.31"]
[SourceQuality "1"]

1. e4 Nc6 2. Nf3 Nf6 3. e5 Ng8 4. Bc4 d5 5. Bb5 a6 6. Ba4 b5 7. Bb3 Bg4 8. d4 Bxf3 9. gxf3 Na5 10. Qe2 e6 11. Bd2 c5 12. c3 Nxb3 13. axb3 Qc7 14. Na3 c4 15. Nxb5 Qb7 16. Nd6+ Bxd6 17. exd6 Qxb3 18. Bf4 Nf6 19. 0-0 0-0 20. Kh1 Nh5 21. Bg5 Qb7 22. f4 f6 23. Qxh5 fxg5 24. Qxg5 Rf5 25. Qh4 Qd7 26. Qe7 Qxe7 27. dxe7 Kf7 28. Rg1 Rxf4 29. e8Q+ Rxe8 30. Rxa6 g6 31. Ra7+ Re7 32. Rxe7+ Kxe7 33. Kg2 Rg4+ 34. Kf1 Rxg1+ 35. Kxg1 Kf6 36. Kg2 Kf5 37. Kf3 g5 38. h3 h6 39. Kg3 Ke4 40. Kg4 Kd3 41. f4 gxf4 42. Kxf4 Kc2 43. Ke5 Kxb2 44. Kxe6 Kxc3 45. Kxd5 Kd3 46. Ke5 c3 47. d5 c2 48. d6 c1Q 49. d7 Qc7+ 50. Ke6 Ke4 51. Ke7 Ke5 52. Ke8 Ke6 0-1

[Event "Ontario-ch U20 U1800"]
[Site "Mississauga"]
[Date "2019.01.12"]
[Round "2.9"]
[White "Hughes, Henry"]
[Black "Liu, Harrison"]
[Result "1-0"]
[WhiteElo "1596"]
[BlackElo "1772"]
[PlyCount "109"]
[EventDate "2019.01.12"]
[EventType "swiss"]
[EventRounds "5"]
[EventCountry "CAN"]
[SourceTitle "EXT 2022"]
[Source "ChessBase"]
[SourceDate "2021.10.06"]
[SourceVersion "1"]
[SourceVersionDate "2021.10.06"]
[SourceQuality "1"]

1. e4 c5 2. Nf3 d6 3. d4 cxd4 4. Nxd4 Nf6 5. Nc3 g6 6. Be3 Bg7 7. Qd2 0-0 8. Bc4 Nc6 9. f3 Bd7 10. 0-0 Rc8 11. Bb3 a6 12. Rad1 b5 13. Nce2 Ne5 14. c3 a5 15. a3 Nc4 16. Bxc4 bxc4 17. Ng3 Ba4 18. Rde1 Nd7 19. Bh6 Nc5 20. Bxg7 Kxg7 21. Qg5 Kh8 22. e5 e6 23. Qh6 d5 24. h4 Rg8 25. Nge2 Qf8 26. Qxf8 Rgxf8 27. Nc1 Rb8 28. Re2 Nd3 29. Nxd3 cxd3 30. Rd2 Bc2 31. b4 Rfc8 32. Nxc2 dxc2 33. Rxc2 axb4 34. axb4 d4 35. Rfc1 d3 36. Rd2 Rxb4 37. Rxd3 Rxh4 38. Kf2 Rhc4 39. Ke2 Kg7 40. Kd2 g5 41. Rb1 Kg6 42. Rb4 Rxb4 43. cxb4 Rb8 44. Rd4 Rb5 45. Re4 Kf5 46. g4+ Kg6 47. Kc3 f6 48. Kc4 Rb8 49. exf6 Kxf6 50. b5 Ke7 51. Re3 h6 52. Kc5 Kd7 53. Rb3 Kc7 54. b6+ Kb7 55. Kd6 1-0

[Event "Newmarket Aurora Fall op U2000"]
[Site "Newmarket"]
[Date "2018.10.20"]
[Round "2.15"]
[White "Gao, William"]
[Black "Hughes, Henry"]
[Result "1-0"]
[WhiteElo "1369"]
[BlackElo "1472"]
[PlyCount "57"]
[EventDate "2018.10.20"]
[EventType "swiss"]
[EventRounds "5"]
[EventCountry "CAN"]
[SourceTitle "EXT 2022"]
[Source "ChessBase"]
[SourceDate "2021.10.06"]
[SourceVersion "1"]
[SourceVersionDate "2021.10.06"]
[SourceQuality "1"]

1. e4 c5 2. Nf3 g6 3. d4 Bg7 4. Be3 b6 5. c3 d6 6. Bc4 Bb7 7. dxc5 bxc5 8. Bxf7+ Kxf7 9. Qb3+ Ke8 10. Qxb7 Nd7 11. Ng5 Qb8 12. Qd5 Ne5 13. Ne6 Nf6 14. Qxa8 Qxa8 15. Nc7+ Kd7 16. Nxa8 Rxa8 17. Nd2 Nfg4 18. 0-0 Rb8 19. Rab1 Nd3 20. Nb3 Nxe3 21. fxe3 Bh6 22. Rf3 Ke6 23. Kf1 Ne5 24. Rh3 Rf8+ 25. Ke2 Ng4 26. Rf1 Rxf1 27. Kxf1 Nxe3+ 28. Ke2 Ng4 29. Rh4 1-0